Posudzovanie životného cyklu ako nástroj environmentálneho manažérstva v ZF Sachs Slovakia, a.s., Trnava

Na minha lista:
Detalhes bibliográficos
Autor principal: Meravá, Martina, 1986- (Author)
Outros Autores: Rusko, Miroslav, 1953- (Thesis advisor)
Formato: Manuscrito Livro
Idioma:inglês
Publicado em: STU v Bratislave MTF UBEI, 2010
Assuntos:
Acesso em linha:VAIS
Tags: Adicionar Tag
Sem tags, seja o primeiro a adicionar uma tag!

MARC

LEADER 00000ntm a22000003a 4500
001 stu206256
005 20160719160153.7
008 100702s2010------------------------eng-d
040 |a STU  |b slo 
041 0 |a eng 
100 1 |a Meravá, Martina,  |d 1986-  |4 aut  |X 24625  |7 A000024625 
242 0 0 |a Life Cycle Assessment as a tool for environmental management in the ZF Sachs Slovakia, a.s., Trnava  |y eng 
245 1 |a Posudzovanie životného cyklu ako nástroj environmentálneho manažérstva v ZF Sachs Slovakia, a.s., Trnava 
260 |b STU v Bratislave MTF UBEI,  |c 2010 
650 7 |a kvantitatívna analýza  |2 stusub 
700 1 |a Rusko, Miroslav,  |d 1953-  |4 ths  |u M5000  |U MTF Materiálovotechnologická fakulta  |T MTF Ústav bezpečnosti, environmentu a kvality  |X 2796  |U M5000  |Y 85  |7 A000002796 
856 4 |a info a plný text  |u http://is.stuba.sk/zp/portal_zp.pl?podrobnosti=75555  |3 VAIS 
996 |c M*DP-8950  |l MMSKP  |s P  |a 0  |w stu206256_0001